<?xml version="1.0" encoding="UTF-8"?>
<collection xmlns="http://www.loc.gov/MARC21/slim">
    <record>
        <controlfield tag="001">78468</controlfield>
        <controlfield tag="005">20190326115342.0</controlfield>
        <datafield tag="037" ind1=" " ind2=" ">
            <subfield code="a">TAZ-TFM-2017-653</subfield>
        </datafield>
        <datafield tag="041" ind1=" " ind2=" ">
            <subfield code="a">spa</subfield>
        </datafield>
        <datafield tag="100" ind1="1" ind2=" ">
            <subfield code="a">Manero Ansón , Yolanda</subfield>
        </datafield>
        <datafield tag="242" ind1="0" ind2="0">
            <subfield code="a">Cardiovascular disease risk and its relations hip with affection and overall lifestyle satisfaction considering senior citizens over 65 years old in the rural area of C.S. Campo de Belchite</subfield>
        </datafield>
        <datafield tag="245" ind1="0" ind2="0">
            <subfield code="a">Riesgo cardiovascular y su relación con el afecto y satisfacción con la vida en población rural mayor de 65 años en C.S. Campo de Belchite</subfield>
        </datafield>
        <datafield tag="260" ind1=" " ind2=" ">
            <subfield code="a">Zaragoza</subfield>
            <subfield code="b">Universidad de Zaragoza</subfield>
            <subfield code="c">2017</subfield>
        </datafield>
        <datafield tag="500" ind1=" " ind2=" ">
            <subfield code="a">1. .  ABSTRACT Goal: The purpose of this thesis is to analyse the relationship between the c3ardiovascular disease risk scale ERICE (by its acronym in Spanish) and overall lifestyle satisfaction, along with positive affect and negative affect, considering a focus group of senior citizens over 65 years of age, dependent from the Centro de Salud de Campo de Belchite community health centre.  Materials and procedure: The foundations of such analysis will be a population-based cross-sectional study in 2017. The study sample –completely random- consisted of 106 subjects that voluntarily complied with a series of personal interviews regarding their overall life style satisfaction, as well as positive affect and negative affect, along with a physical examination and a fasting blood sample draw. The reliability of such questionnaires was assessed via Cronbach alpha coefficient.  Results: The results confirmed that emotional well-being, a high level of lifestyle satisfaction, and physical activity became an effective protection barrier against cardiovascular diseases. It turned out that the group of senior citizens over 65 years of age who were living in the rural area expounded to be highly satisfied with their lifestyle; they were not only physically more active, but also had less possibilities to suffer from cardiovascular diseases according to the ERICE scale.  Conclusions: The study eventually concluded that men had lower risk to suffer from cardiovascular diseases than women. It demonstrated the importance of physical activity for senior citizens and its direct connection with the positive and negative affect, and overall lifestyle satisfaction in order to prevent cardiovascular disease risk.</subfield>
        </datafield>
        <datafield tag="506" ind1=" " ind2=" ">
            <subfield code="a">by-nc-sa</subfield>
            <subfield code="b">Creative Commons</subfield>
            <subfield code="c">3.0</subfield>
            <subfield code="u">http://creativecommons.org/licenses/by-nc-sa/3.0/</subfield>
        </datafield>
        <datafield tag="520" ind1=" " ind2=" ">
            <subfield code="a">1. RESUMEN Objetivo: Analizar la relación existente entre la escala de riesgo cardiovascular ERICE y la satisfacción con la vida junto con los afectos positivos y afectos negativos, en una población general mayor de 65 años en ámbito rural del Centro de Salud de Campo de Belchite. Material y Método: Estudio transversal de base poblacional en el año 2017. La muestra estuvo formada por 106 sujetos que aceptaron de forma voluntaria a unas entrevistas personales de satisfacción con la vida y de afecto positivo y afecto negativo, junto con una exploración física y la extracción de sangre. Se valoró la fiabilidad de los cuestionarios con el coeficiente Alfa de Cronbach.  Resultados: Los resultados confirmaron que el bienestar emocional positivo y la satisfacción con la vida ejercen un factor protector junto con la actividad física, frente a los factores de riesgo cardiovascular. Los hombres mayores de 65 años que vivían en población rural, manifestaron más afectos positivos, estar más satisfechos con la vida, ser más activos físicamente y tener menos riesgo cardiovascular según escala ERICE. Conclusiones: Los varones tenían menos riesgo de padecer enfermedades cardiovasculares que las mujeres. Se comprobó la importancia de la actividad física en la población envejecida y su correlación con el afecto positivo y negativo y la satisfacción con la vida para prevenir las enfermedades de riesgo cardiovascular.  Palabras clave: Afecto positivo, Afecto negativo, Factores de riesgo cardiovascular, Satisfacción con la vida.</subfield>
        </datafield>
        <datafield tag="521" ind1=" " ind2=" ">
            <subfield code="a">Máster Universitario en Iniciación a la Investigación en Ciencias de la Enfermería</subfield>
        </datafield>
        <datafield tag="540" ind1=" " ind2=" ">
            <subfield code="a">Derechos regulados por licencia Creative Commons</subfield>
        </datafield>
        <datafield tag="700" ind1=" " ind2=" ">
            <subfield code="a">Germán Bes, Concepción   </subfield>
            <subfield code="e">dir.</subfield>
        </datafield>
        <datafield tag="700" ind1=" " ind2=" ">
            <subfield code="a">Urcola Pardo, Fernando</subfield>
            <subfield code="e">dir.</subfield>
        </datafield>
        <datafield tag="710" ind1="2" ind2=" ">
            <subfield code="a">Universidad de Zaragoza</subfield>
            <subfield code="b">Fisiatría y Enfermería</subfield>
            <subfield code="c">Enfermería</subfield>
        </datafield>
        <datafield tag="856" ind1="0" ind2=" ">
            <subfield code="f">363368@celes.unizar.es</subfield>
        </datafield>
        <datafield tag="856" ind1="4" ind2=" ">
            <subfield code="s">2973140</subfield>
            <subfield code="u">http://zaguan.unizar.es/record/78468/files/TAZ-TFM-2017-653.pdf</subfield>
            <subfield code="y">Memoria (spa)</subfield>
        </datafield>
        <datafield tag="856" ind1="4" ind2=" ">
            <subfield code="s">2973140</subfield>
            <subfield code="u">http://zaguan.unizar.es/record/78468/files/TAZ-TFM-2017-653_ANE.pdf</subfield>
            <subfield code="y">Anexos (spa)</subfield>
        </datafield>
        <datafield tag="909" ind1="C" ind2="O">
            <subfield code="o">oai:zaguan.unizar.es:78468</subfield>
            <subfield code="p">driver</subfield>
            <subfield code="p">trabajos-fin-master</subfield>
        </datafield>
        <datafield tag="950" ind1=" " ind2=" ">
            <subfield code="a"></subfield>
        </datafield>
        <datafield tag="951" ind1=" " ind2=" ">
            <subfield code="a">deposita:2019-03-26</subfield>
        </datafield>
        <datafield tag="980" ind1=" " ind2=" ">
            <subfield code="a">TAZ</subfield>
            <subfield code="b">TFM</subfield>
            <subfield code="c">EUCS</subfield>
        </datafield>
    </record>

    
</collection>